Statistics for City Streets 1 (easy)

Click here to take the quiz!

General Stats

  • This quiz has been taken 16 times
  • The average score is 6 of 10

Answer Stats

Answer% Correct
New york
93%
Paris
86%
Dubai
79%
Chicago
71%
Beijing
50%
Washington
50%
Brasilia
43%
Moscow
43%
Hong kong
36%
Hiroshima
21%

Score Distribution

Percentile by Number Answered

Percent of People with Each Score

Your Score History

You have not taken this quiz